Repair round-up 1999: part . (Record no. 60806)
[ view plain ]
| 000 -LEADER | |
|---|---|
| fixed length control field | 00654cam a2200193 4500 |
| 001 - CONTROL NUMBER | |
| control field | ABS61117 |
| 008 - FIXED-LENGTH DATA ELEMENTS--GENERAL INFORMATION | |
| fixed length control field | 000000n1999 000 0 eng u |
| 035 ## - SYSTEM CONTROL NUMBER | |
| System control number | (Sirsi) u101681 |
| 100 ## - MAIN ENTRY--PERSONAL NAME | |
| Personal name | Luba, J. |
| 245 ## - TITLE STATEMENT | |
| Title | Repair round-up 1999: part . |
| 260 ## - PUBLICATION, DISTRIBUTION, ETC. | |
| Date of publication, distribution, etc. | 1999 |
| 490 ## - SERIES STATEMENT | |
| Series statement | Legal Action |
| Volume/sequential designation | August 1999, 23-27(5) |
| 520 ## - SUMMARY, ETC. | |
| Summary, etc. | Overview of law cases on repairs and dilapidations in 1999 covering contracting out, unfair terms, the meaning of repair, requirement of knowledge, noise, limitation periods and damages. |
| 650 ## - SUBJECT ADDED ENTRY--TOPICAL TERM | |
| Topical term or geographic name entry element | REPAIRS |
| 650 ## - SUBJECT ADDED ENTRY--TOPICAL TERM | |
| Topical term or geographic name entry element | Dilapidations |
| 9 (RLIN) | 6235 |
| 650 ## - SUBJECT ADDED ENTRY--TOPICAL TERM | |
| Topical term or geographic name entry element | DAMAGES |
| 690 ## - LOCAL SUBJECT ADDED ENTRY--TOPICAL TERM (OCLC, RLIN) | |
| Topical term or geographic name as entry element | PROPERTY-LANDLORD AND TENANT |
| 942 ## - ADDED ENTRY ELEMENTS (KOHA) | |
| Suppress in OPAC | 0 |
| Withdrawn status | Lost status | Source of classification or shelving scheme | Damaged status | Not for loan | Home library | Current library | Shelving location | Date acquired | Total Checkouts | Full call number | Barcode | Date last seen | Copy number | Price effective from | Koha item type |
|---|---|---|---|---|---|---|---|---|---|---|---|---|---|---|---|
| Dewey Decimal Classification | London | London | Journal article | 09/11/1999 | ABS61117 | 101681-1001 | 06/08/2019 | 1 | 06/08/2019 | Journal article |